| 000 | 01073cam a22003257a 4500 | ||
|---|---|---|---|
| 001 | 002076 | ||
| 003 | armpunfd | ||
| 005 | 20140612090658.0 | ||
| 008 | 070227e0####xx#a##########000#0#und#d | ||
| 040 |
_aarmpunfd _carmpunfd |
||
| 080 | _a347.956 AZ 72 | ||
| 100 | 1 | 0 | _a Azpelicueta, Juan Jose |
| 245 | 1 | 0 | _aLa alzada poderes y deberes |
| 260 |
_aA Plata : Libreria Editora Platense _b1993. Isbn: 950-536-057-6. 261 P. |
||
| 650 | 7 |
_a Aclaratoria _2LEMB |
|
| 650 | 7 |
_a Deber De Congruencia _2LEMB |
|
| 650 | 7 |
_a Esclarecimiento De Los Hechos _2LEMB |
|
| 650 | 7 |
_a Examen De Admisibilidad _2LEMB |
|
| 650 | 7 |
_a Formacion De La Sentencia _2LEMB |
|
| 650 | 7 |
_a Incorporacion De Hechos _2LEMB |
|
| 650 | 7 |
_a Motivacion De La Sentencia _2LEMB |
|
| 650 | 7 |
_a Pretension _2LEMB |
|
| 650 | 7 |
_a Recepcion De Pruebas _2LEMB |
|
| 650 | 7 |
_a Recurso De Aclaratoria _2LEMB |
|
| 650 | 7 |
_a Recurso De Apelacion _2LEMB |
|
| 650 | 7 |
_a Requisitos De Apelacion _2LEMB |
|
| 700 | 1 | 0 | _aTessone, Alberto |
| 942 |
_cLB _2cdu |
||
| 945 |
_aCatalis _d2010-08-19 |
||
| 999 |
_c2067 _d232571 |
||